书目信息 |
| 题名: |
社会资本论
|
|
| 作者: | 张其仔 著 | |
| 分册: | ||
| 出版信息: | 北京 社会科学文献出版社 1997.12 |
|
| 页数: | 267页 | |
| 开本: | 21cm | |
| 丛书名: | 中国社会科学院青年学者文库 | |
| 单 册: | ||
| 中图分类: | F032.1 | |
| 科图分类: | ||
| 主题词: | 资本 | |
| 电子资源: | ||
| ISBN: | 7-80050-913-3 | |
| 000 | 00787nam2 2200241 45 | |
| 001 | 0111260819 | |
| 005 | 20041116101140.3 | |
| 010 | @a7-80050-913-3@dCNY14.80 | |
| 100 | @a20011126d1997 km y0chiy0120 ea | |
| 101 | 0 | @achi |
| 105 | @a z 000yy | |
| 200 | 1 | @a社会资本论@AShe Hui Zi Ben Lun@e社会资本与经济增长@EShe Hui Zi Ben Yu Jing Ji Zeng Zhang@f张其仔著@FZhang Qi Zi Zhu |
| 210 | @a北京@c社会科学文献出版社@d1997.12 | |
| 215 | @a267页@d21cm | |
| 225 | @a中国社会科学院青年学者文库@f胡绳主编 | |
| 410 | @12001 @a中国社会科学院青年学者文库 | |
| 410 | @1700 0@a胡绳@AHu Sheng@4主编 | |
| 517 | @a社会资本与经济增长@AShe Hui Zi Ben Yu Jing Ji Zeng Zhang | |
| 606 | 0 | @a资本 |
| 690 | @aF032.1@v3 | |
| 701 | 0 | @a张其仔@4著 |
| 801 | @aCN@bTSTC@c20011126 | |
| 905 | @dF032.1@e29 | |
| 社会资本论:社会资本与经济增长/张其仔著.-北京:社会科学文献出版社,1997.12 |
| 267页;21cm.-(中国社会科学院青年学者文库/胡绳主编) |
| ISBN 7-80050-913-3:CNY14.80 |
| ● |
| 相关链接 |
|
|
|
|
正题名:社会资本论
索取号:F032.1/29
 
预约/预借
| 序号 | 登录号 | 条形码 | 馆藏地/架位号 | 状态 | 备注 |
| 1 | 0283065 | 002830654 | 第一借阅区/ [索取号:F032.1/29] | 在馆 | |
| 2 | 0283066 | 002830663 | 第一借阅区/ [索取号:F032.1/29] | 在馆 | |
| 3 | 0283067 | 002830672 | 第一样本阅览室/ [索取号:F032.1/29] | 在馆 |